Gabby's dollhouse : the movie / DreamWorks ... Read More
Available copies
- 3 of 5 copies available at LARL/NWRL Consortium.
- 1 of 3 copies available at Lake Agassiz Regional Library. (Show preferred library)
Current holds
0 current holds with 5 total copies.
Show Only Available Copies
| Location | Call Number / Copy Notes | Barcode | Shelving Location | Status | Due Date |
|---|---|---|---|---|---|
| Barnesville Public Library | DVD J GAB (Text) | 33500014316228 | Main | Checked out | 06/24/2026 |
| Breckenridge Public Library | DVD J GAB (Text) | 33500014316244 | Main | Available | - |
| Detroit Lakes Public Library | DVD J GAB (Text) | 33500014316236 | Main | Checked out | 06/30/2026 |
| Godel Memorial-Warren Library | DVD j GAB (Text) | 35500006395097 | Main | Available | - |
| Roseau Public Library | DVD j GAB (Text) | 35500006395089 | Main | Available | - |
Record details
- Physical Description: 1 videodisc (98 min.) : sound, color ; 4 3/4 in.
- Edition: Pawsome edition.
- Publisher: Universal City, CA : Universal, [2025]
Content descriptions
| General Note: | Based on characters created by Jennifer Twomey & Traci Paige Johnson. Originally released as a motion picture in 2025. Wide screen (2.39:1). Bonus features: Deleted scene: "Vera meets Cakey Cat" ; Gabby's Dollhouse: making the meowvie! ; ... Read More |
| Creation/Production Credits Note: | Score by Stephanie Economou ; director of ... Read More |
| Participant or Performer Note: | Laila Lockhart Kraner, Jason Mantzoukas, Kristen ... Read More |
| Summary, etc.: | In the new film, Gabby heads out on a road trip ... Read More |
| Target Audience Note: | MPA rating: G (general audiences). CHV Rating: G. |
| System Details Note: | DVD; region 1, NTSC; wide screen (2.39:1); Dolby ... Read More |
| Language Note: | English, French or Spanish dialogue; French or ... Read More |
Search for related items by subject
| LDR | 06889cgm a2201297 i 4500 | ||
|---|---|---|---|
| 001 | 475622 | ||
| 003 | LARL_NWRL_CONSORTIUM | ||
| 005 | 20251201110016.0 | ||
| 008 | 250930s2025 cau098 j vceng d | ||
| 007 | vd cvaizq | ||
| 040 | . | ‡aTEFMT ‡beng ‡erda ‡cTEFMT ‡dTEF ‡dTEFMT ‡dOCLCO ‡dTEFMT ‡dRNL ‡dGL4 ‡dOCLCO ‡dINO ‡dTH8 ‡dOCLCO | |
| 024 | 1 | . | ‡a191329283523 |
| 024 | 1 | . | ‡a191329283431 |
| 028 | 4 | 1. | ‡a1000857621 ‡bDreamWorks Animation ‡q(container) |
| 028 | 4 | 1. | ‡a1305474 ‡bDreamWorks Animation ‡q(disc) |
| 028 | 4 | 1. | ‡a2000190542 ‡bDreamWorks Animation ‡q(disc) |
| 035 | . | ‡a(OCoLC)1542791049 | |
| 037 | . | ‡bMidwest Tape ‡nhttp://www.midwesttapes.com | |
| 041 | 1 | . | ‡aeng ‡afre ‡aspa ‡jfre ‡jspa ‡peng ‡qeng ‡heng |
| 043 | . | ‡an-us-ca | |
| 046 | . | ‡k2025 ‡2edtf | |
| 082 | 0 | 4. | ‡a791.43/72 ‡223/eng/20251002 |
| 130 | 0 | . | ‡aGabby's Dollhouse, the movie (Motion picture) |
| 245 | 1 | 0. | ‡aGabby's dollhouse : ‡bthe movie / ‡cDreamWorks Animation presents ; story by Ryan Crego ; screenplay by Mike Lew, Rehana Lew Mirza, Adam Wilson, Melanie Wilson LaBracio ; produced by Steven Schweickart ; directed by Ryan Crego. |
| 250 | . | ‡aPawsome edition. | |
| 257 | . | ‡aCanada ‡aUnited States ‡2naf | |
| 264 | 1. | ‡aUniversal City, CA : ‡bUniversal, ‡c[2025] | |
| 300 | . | ‡a1 videodisc (98 min.) : ‡bsound, color ; ‡c4 3/4 in. | |
| 336 | . | ‡atwo-dimensional moving image ‡btdi ‡2rdacontent | |
| 337 | . | ‡avideo ‡bv ‡2rdamedia | |
| 338 | . | ‡avideodisc ‡bvd ‡2rdacarrier | |
| 340 | . | ‡b4 3/4 in. | |
| 340 | . | ‡gpolychrome ‡2rdacc | |
| 341 | 0 | . | ‡avisual ‡daudioDescription ‡2sapdv |
| 341 | 0 | . | ‡aauditory ‡bclosedCaptions ‡2sapdv |
| 344 | . | ‡adigital ‡2rdatr | |
| 344 | . | ‡boptical ‡2rdarm | |
| 344 | . | ‡gsurround ‡2rdacpc | |
| 344 | . | ‡hDolby Digital 5.1 ‡hDolby Digital 2.0 | |
| 345 | . | ‡c2.39:1 | |
| 345 | . | ‡dwide screen ‡2rdaar | |
| 346 | . | ‡bNTSC ‡2rdabs | |
| 347 | . | ‡avideo file ‡2rdaft | |
| 347 | . | ‡bDVD video | |
| 347 | . | ‡eregion 1 ‡2rdare | |
| 538 | . | ‡aDVD; region 1, NTSC; wide screen (2.39:1); Dolby Digital 5.1, Dolby Digital 2.0 (English DVS). | |
| 546 | . | ‡aEnglish, French or Spanish dialogue; French or Spanish subtitles; English subtitles for the deaf and hard of hearing (SDH); described video (English). | |
| 532 | 1 | . | ‡aEnglish subtitles for the deaf and hard of hearing (SDH) |
| 532 | 1 | . | ‡aDescribed video in English |
| 500 | . | ‡aBased on characters created by Jennifer Twomey & Traci Paige Johnson. | |
| 511 | 1 | . | ‡aLaila Lockhart Kraner, Jason Mantzoukas, Kristen Wiig, Gloria Estefan, Thomas Lennon, Ego Nwodim, Kyle Mooney, Melissa Villaseñor, Fortune Feimster, Tara Strong, Matty Matheson. |
| 500 | . | ‡aOriginally released as a motion picture in 2025. | |
| 500 | . | ‡aWide screen (2.39:1). | |
| 500 | . | ‡aBonus features: Deleted scene: "Vera meets Cakey Cat" ; Gabby's Dollhouse: making the meowvie! ; Pawsome performances ; Meet the Clowder ; Kitty Cat surprise snack box ; Cakey's pretzel cabin ; feature commentary with director/story writer Ryan Crego, producer Steven Schweickart, visual effects supervisor M. Scott McKee, head of story David Colman, and head of character animation CJ Sarachene. | |
| 508 | . | ‡aScore by Stephanie Economou ; director of photography, Todd Elyzen. | |
| 521 | 8 | . | ‡aMPA rating: G (general audiences). |
| 521 | 8 | . | ‡aCHV Rating: G. |
| 520 | . | ‡aIn the new film, Gabby heads out on a road trip with her Grandma Gigi to the urban wonderland of Cat Francisco. But when Gabby's dollhouse, her most prized possession, ends up in the hands of an eccentric cat lady named Vera, Gabby sets off on an adventure through the real world to get the Gabby Cats back together and save the dollhouse before it's too late. | |
| 650 | 0. | ‡aDollhouses ‡vJuvenile drama. | |
| 650 | 0. | ‡aCats ‡vJuvenile drama. | |
| 650 | 0. | ‡aAutomobile travel ‡vJuvenile drama. | |
| 651 | 0. | ‡aSan Francisco (Calif.) ‡vJuvenile drama. | |
| 650 | 0. | ‡aDollhouses ‡vJuvenile films. | |
| 650 | 0. | ‡aAutomobile travel ‡vJuvenile films. | |
| 650 | 1. | ‡aDollhouses ‡vDrama. | |
| 650 | 1. | ‡aCats ‡vDrama. | |
| 650 | 1. | ‡aAutomobile travel ‡vDrama. | |
| 651 | 1. | ‡aSan Francisco (Calif.) ‡vDrama. | |
| 655 | 7. | ‡aFeature films. ‡2lcgft ‡0(LARL_NWRL_CONSORTIUM)175625 | |
| 655 | 7. | ‡aChildren's films. ‡2lcgft ‡0(LARL_NWRL_CONSORTIUM)175624 | |
| 655 | 7. | ‡aFiction films. ‡2lcgft ‡0(LARL_NWRL_CONSORTIUM)175626 | |
| 655 | 7. | ‡aMusical films. ‡2lcgft ‡0(LARL_NWRL_CONSORTIUM)175635 | |
| 655 | 7. | ‡aComedy films. ‡2lcgft ‡0(LARL_NWRL_CONSORTIUM)175650 | |
| 655 | 7. | ‡aFantasy films. ‡2lcgft ‡0(LARL_NWRL_CONSORTIUM)175666 | |
| 655 | 7. | ‡aLive-action/animation films. ‡2lcgft ‡0(LARL_NWRL_CONSORTIUM)175840 | |
| 655 | 7. | ‡aVideo recordings for the hearing impaired. ‡2lcgft ‡0(LARL_NWRL_CONSORTIUM)175744 | |
| 655 | 7. | ‡aVideo recordings for people with visual disabilities. ‡2lcgft ‡0(LARL_NWRL_CONSORTIUM)175745 | |
| 700 | 1 | . | ‡aCrego, Ryan, ‡efilm director. |
| 700 | 1 | . | ‡aLew, Mike ‡c(Screenwriter), ‡escreenwriter. |
| 700 | 1 | . | ‡aLew Mirza, Rehana, ‡escreenwriter. |
| 700 | 1 | . | ‡aWilson, Adam ‡c(Screenwriter), ‡escreenwriter. |
| 700 | 1 | . | ‡aWilson LaBracio, Melanie, ‡escreenwriter. |
| 700 | 1 | . | ‡aTwomey, Jennifer, ‡ecreator. |
| 700 | 1 | . | ‡aJohnson, Traci Paige, ‡ecreator. ‡0(LARL_NWRL_CONSORTIUM)136505 |
| 700 | 1 | . | ‡aKraner, Laila Lockhart, ‡eactor. |
| 700 | 1 | . | ‡aMantzoukas, Jason, ‡evoice actor. ‡0(LARL_NWRL_CONSORTIUM)217952 |
| 700 | 1 | . | ‡aWiig, Kristen, ‡d1973- ‡eactor. ‡0(LARL_NWRL_CONSORTIUM)216610 |
| 700 | 1 | . | ‡aEstefan, Gloria, ‡eactor. ‡0(LARL_NWRL_CONSORTIUM)103233 |
| 700 | 1 | . | ‡aLennon, Thomas, ‡d1970- ‡evoice actor. ‡0(LARL_NWRL_CONSORTIUM)209814 |
| 700 | 1 | . | ‡aNwodim, Ego, ‡d1988- ‡evoice actor. |
| 700 | 1 | . | ‡aMooney, Kyle, ‡d1984- ‡evoice actor. |
| 700 | 1 | . | ‡aVillaseñor, Melissa, ‡d1987- ‡evoice actor. |
| 700 | 1 | . | ‡aFeimster, Fortune, ‡d1980- ‡evoice actor. |
| 700 | 1 | . | ‡aStrong, Tara, ‡d1973- ‡evoice actor. ‡0(LARL_NWRL_CONSORTIUM)149358 |
| 700 | 1 | . | ‡aMatheson, Matty, ‡evoice actor. |
| 710 | 2 | . | ‡aDreamWorks Animation, ‡eproduction company. ‡0(LARL_NWRL_CONSORTIUM)196623 |
| 710 | 2 | . | ‡aUniversal Pictures (Firm), ‡epublisher. ‡0(LARL_NWRL_CONSORTIUM)76903 |
| 901 | . | ‡a475622 ‡bAUTOGEN ‡c475622 ‡tbiblio | |

Add to basket
Permalink
Disable Highlighting